Study Speaking: A course in spoken English for academic purposes

Chi tiết về thư mục
Tác giả chính: Lynch T. Tony
Tác giả khác: Anderson K. Kenneth
Ngôn ngữ:Tiếng Anh
Được phát hành: Cambridge, Cambridge University Press, 2000
Những chủ đề:
Định dạng: Sách
KOHA link:https://koha.lib.tpu.ru/cgi-bin/koha/opac-detail.pl?biblionumber=26983

MARC

LEADER 00000nam0a2200000 4500
001 26983
005 20231030201918.0
010 |a 0521395518 
035 |a (RuTPU)RU\TPU\book\27229 
035 |a BOOK00027304 
090 |a 26983 
100 |a 20011209d2000 m y0engy50 ba 
101 0 |a eng 
102 |a GB 
105 |a y j 000zy 
200 1 |a Study Speaking  |e A course in spoken English for academic purposes  |f T. Lynch, K. Anderson 
210 |a Cambridge  |c Cambridge University Press  |d 2000 
215 |a 99 p. 
610 1 |a английский язык 
610 1 |a учебные пособия 
610 1 |a разговорная речь 
610 1 |a устная речь 
686 |a Ш143.21-923.4  |v LBC/SL-A  |2 rubbk 
700 1 |a Lynch  |b T.  |g Tony 
701 1 |a Anderson  |b K.  |g Kenneth 
801 0 |a GB  |b 63413507  |c 20011209  |g PSBO 
801 2 |a RU  |b 63413507  |c 20110930  |g PSBO 
942 |c BK